header

100+ ways to recognize and reward your school staff (Record no. 67540)

MARC details
000 -LEADER
fixed length control field 01342nam a2200349Ia 4500
082 04 - DEWEY DECIMAL CLASSIFICATION NUMBER
Classification number 371.2/01
100 1# - MAIN ENTRY--AUTHOR NAME
Personal name Houck, Emily E.
245 10 - TITLE STATEMENT
Title 100+ ways to recognize and reward your school staff
260 ## - PUBLICATION, DISTRIBUTION, ETC. (IMPRINT)
Place of publication Alexandria, Va. :
Name of publisher ASCD,
Year of publication c2012.
300 ## - PHYSICAL DESCRIPTION
Number of Pages x, 158 p. :
Other physical details ill.
650 #0 - SUBJECT ADDED ENTRY--TOPICAL TERM
Topical Term School personnel management.
Topical Term Incentive awards.
Topical Term Employee motivation.
Topical Term Motivation in education.
856 40 - ELECTRONIC LOCATION AND ACCESS
Uniform Resource Identifier http://site.ebrary.com/lib/rucke/Doc?id=10626194

No items available.

© 2026 Rongo University
Contact us: librarian | system librarian | Rongo university